Napirenden Újszeged buszközlekedése : Kedden utasok és forgalomszervezők ankétja
Elmentve itt :
| Dokumentumtípus: | Cikk |
|---|---|
| Megjelent: |
1976-11-27
|
| Sorozat: | Délmagyarország
66 No. 281 |
| Kulcsszavak: | autóbusz |
| Online Access: | http://dmarchiv.bibl.u-szeged.hu/109935 |
| LEADER | 00456nab a2200145 i 4500 | ||
|---|---|---|---|
| 001 | delm109935 | ||
| 005 | 20190426122925.0 | ||
| 008 | 190426s1976 hu o 0|| hun d | ||
| 040 | |a SZTE Délmagyarország Archívum |b hun | ||
| 041 | |a hun | ||
| 245 | 0 | 0 | |a Napirenden |h [elektronikus dokumentum] : |b Újszeged buszközlekedése : Kedden utasok és forgalomszervezők ankétja |
| 260 | |c 1976-11-27 | ||
| 300 | |a 4 | ||
| 490 | 0 | |a Délmagyarország |v 66 No. 281 | |
| 695 | |a autóbusz | ||